Tio Tigre y Tio Conejo / (Registro nro. 1432)
[ vista simple ]
| 000 -CABECERA | |
|---|---|
| campo de control de longitud fija | 00720nam a2200193 i 4500 |
| 001 - NÚMERO DE CONTROL | |
| campo de control | 000001529 |
| 005 - FECHA Y HORA DE LA ÚLTIMA TRANSACCIÓN | |
| campo de control | 20200929145617.0 |
| 008 - DATOS DE LONGITUD FIJA--INFORMACIÓN GENERAL | |
| campo de control de longitud fija | 761104s1975 ve 001 1 spa |
| 040 ## - FUENTE DE LA CATALOGACIÓN | |
| Centro catalogador/agencia de origen | DO-SdBNP |
| Lengua de catalogación | spa |
| Centro/agencia transcriptor | BNPHU |
| 082 ## - NÚMERO DE LA CLASIFICACIÓN DECIMAL DEWEY | |
| Número de clasificación | 863.64 |
| Número de documento/Ítem | A773t |
| 100 1# - ENTRADA PRINCIPAL--NOMBRE DE PERSONA | |
| Nombre de persona | Arraiz, Antonio, |
| Fechas asociadas al nombre | 1903-1962. |
| 9 (RLIN) | 5024 |
| 245 10 - MENCIÓN DE TÍTULO | |
| Título | Tio Tigre y Tio Conejo / |
| Mención de responsabilidad, etc. | Antonio Arraiz. |
| 260 ## - PUBLICACIÓN, DISTRIBUCIÓN, ETC. | |
| Lugar de publicación, distribución, etc. | Caracas : |
| Nombre del editor, distribuidor, etc. | Monte Avila Editores, |
| Fecha de publicación, distribución, etc. | [1975]. |
| 300 ## - DESCRIPCIÓN FÍSICA | |
| Extensión | 203 p. ; |
| Dimensiones | 19 cm. |
| 490 0# - MENCIÓN DE SERIE | |
| Mención de serie | Coleccion Letra viva |
| 505 0# - NOTA DE CONTENIDO CON FORMATO | |
| Nota de contenido con formato | El pobre cucarachero.--La periquita Julieta.--La cucarachita Martínez y Ratón Pérez.--Los flamencos.--Tio Tigre enfermo.--La fundación.--El toro Parapara. |
| 650 #4 - PUNTO DE ACCESO ADICIONAL DE MATERIA--TÉRMINO DE MATERIA | |
| Término de materia o nombre geográfico como elemento de entrada | Novela venezolana |
| 9 (RLIN) | 3962 |
| 650 #4 - PUNTO DE ACCESO ADICIONAL DE MATERIA--TÉRMINO DE MATERIA | |
| Término de materia o nombre geográfico como elemento de entrada | Literatura venezolana |
| 9 (RLIN) | 3816 |
| Estado de retiro | Estado de pérdida | Restricciones de uso | No para préstamo | Código de colección | Localización permanente | Ubicación/localización actual | Ubicación en estantería | Fecha de adquisición | Número de inventario | Total de préstamos | Signatura topográfica completa | Código de barras | Fecha visto por última vez | Precio válido a partir de | Tipo de ítem Koha | Número de copia |
|---|---|---|---|---|---|---|---|---|---|---|---|---|---|---|---|---|
| Préstamo interno | Monografías: Libros y Folletos | General | General | Depósito | 22.09.2009 | LF1 | 863.64 A773t | 1529-10 | 25.06.2020 | 25.06.2020 | Préstamo interno | |||||
| Préstamo restringido | Préstamo restrigido | Monografías: Libros y Folletos | General | General | Depósito | 19.10.2009 | LF1 | 863.64 A773t | 1529-20 | 25.06.2020 | 25.06.2020 | Préstamo interno | e. 2 |
